[Event "ICS rated blitz match"]
[Site "204.178.125.65"]
[Date "2000.10.10"]
[Round "?"]
[White "brit"]
[Black "Hossa"]
[Result "0-1"]
[WhiteElo "1905"]
[BlackElo "2597"]
[PlyCount "66"]
[EventDate "2000.??.??"]

1. e4 e6 2. d4 d5 3. Nd2 Nf6 4. e5 Nfd7 5. Bd3 c5 6. c3 Nc6 7. Ne2 cxd4 8. cxd4
Nb6 9. O-O Bd7 10. Nf3 Be7 11. Ng3 Nb4 12. Bb1 Bb5 13. Re1 Qc7 14. a3 Ba4 15.
Qe2 Nc2 16. Bxc2 Qxc2 17. Qxc2 Bxc2 18. Bg5 Bxg5 19. Nxg5 Rc8 20. Rac1 Ke7 21.
Nf3 Rc6 22. Re2 Rhc8 23. Ne1 Ba4 24. Rxc6 Rxc6 25. Nf3 Bd1 26. Re1 Bxf3 27.
gxf3 Nc4 28. Rb1 Rb6 29. Kg2 Nxa3 30. Ra1 Nc2 31. Rxa7 Rxb2 32. Ne2 Ne1+ 33.
Kf1 Nxf3 {brit resigns} 0-1

[Event "ICS rated blitz match"]
[Site "204.178.125.65"]
[Date "2000.10.10"]
[Round "?"]
[White "Hossa"]
[Black "brit"]
[Result "1-0"]
[WhiteElo "2598"]
[BlackElo "1904"]
[PlyCount "57"]
[EventDate "2000.??.??"]

1. e4 e5 2. Nf3 Nc6 3. Bc4 Nf6 4. Ng5 Bc5 5. Nxf7 Bxf2+ 6. Kf1 Qe7 7. Nxh8 d5
8. exd5 Nd4 9. d6 cxd6 10. Kxf2 Bg4 11. Qf1 d5 12. Bb5+ Kf8 13. Bd3 e4 14. c3
Ne6 15. Bb5 Qc5+ 16. Ke1 Kg8 17. h3 Rf8 18. Ng6 hxg6 19. b4 Qd6 20. hxg4 Nxg4
21. Qg1 Qg3+ 22. Kd1 Nf4 23. Kc2 Nf2 24. Bb2 a6 25. Bf1 Nxh1 26. Qxh1 Qe1 27.
Na3 Qf2 28. g3 Nd3 29. Bh3 {brit resigns} 1-0

[Event "ICS rated blitz match"]
[Site "204.178.125.65"]
[Date "2000.10.10"]
[Round "?"]
[White "Hossa"]
[Black "brit"]
[Result "1-0"]
[WhiteElo "2602"]
[BlackElo "1900"]
[PlyCount "77"]
[EventDate "2000.??.??"]

1. d4 Nf6 2. c4 Nc6 3. Nf3 e6 4. Nc3 Bb4 5. Qc2 O-O 6. a3 Bxc3+ 7. bxc3 d6 8.
e4 e5 9. Bd3 h6 10. h3 b6 11. Be3 Qe7 12. O-O Na5 13. Nd2 Ba6 14. Rfe1 c5 15.
d5 Nh7 16. Qd1 Rae8 17. Qf3 Bc8 18. Qg3 f5 19. exf5 Bxf5 20. Bxf5 Rxf5 21. Bxh6
Ng5 22. Bxg5 Rxg5 23. Qd3 Rf8 24. Re2 Rf4 25. Ne4 Rg6 26. Rb1 Qh4 27. Rf1 Qh5
28. Re3 Nb7 29. Rfe1 Nd8 30. Qc2 Nf7 31. Qa4 Ng5 32. Nxg5 Rxg5 33. Qxa7 Rxc4
34. Qb8+ Kh7 35. Qxd6 Rh4 36. Kf1 Ra4 37. Qxb6 Rxa3 38. d6 Ra2 39. Qb1+ {
brit resigns} 1-0

[Event "ICS Rated blitz match"]
[Site "204.178.125.65"]
[Date "2000.10.10"]
[Round "?"]
[White "Hossa"]
[Black "gimmeyoqueen"]
[Result "1-0"]
[WhiteElo "2603"]
[BlackElo "1969"]
[PlyCount "55"]
[EventDate "2000.??.??"]

1. e4 d5 2. exd5 Nf6 3. d4 Nxd5 4. Nf3 Bg4 5. Bb5+ c6 6. Be2 e6 7. O-O Nd7 8.
c4 N5f6 9. Bf4 Be7 10. h3 Bh5 11. Nbd2 Bg6 12. Nh4 Qb6 13. Nxg6 hxg6 14. Nb3 c5
15. dxc5 Bxc5 16. Nxc5 Qxc5 17. Qb3 Qb6 18. Qxb6 Nxb6 19. Rfd1 O-O 20. b3 Rfd8
21. Bf3 Nh5 22. Be5 f6 23. Bd6 Rd7 24. g4 Nc8 25. Bh2 Rxd1+ 26. Rxd1 Ne7 27.
gxh5 gxh5 28. Bxb7 {gimmeyoqueen resigns} 1-0

[Event "ICS Rated standard match"]
[Site "204.178.125.65"]
[Date "2000.10.10"]
[Round "?"]
[White "BrazilianMaster"]
[Black "Hossa"]
[Result "1/2-1/2"]
[WhiteElo "2589"]
[BlackElo "2469"]
[PlyCount "74"]
[EventDate "2000.??.??"]

1. d4 d5 2. c4 e6 3. Nc3 Nf6 4. Bg5 Be7 5. Nf3 O-O 6. e3 Nbd7 7. Rc1 dxc4 8.
Bxc4 Nb6 9. Bd3 h6 10. Bxf6 Bxf6 11. O-O g6 12. Ne4 Bg7 13. Ne5 c6 14. f4 Nd5
15. Qe1 Re8 16. Qg3 Qe7 17. a3 Rd8 18. Rfe1 Rb8 19. Nc5 g5 20. Bc2 gxf4 21.
exf4 Nc7 22. Rcd1 Nb5 23. f5 Nxd4 24. f6 Qxf6 25. Nxf7 Kxf7 26. Qxb8 Qe7 27.
Ne4 Nxc2 28. Rxd8 Qxd8 29. Nd6+ Kg8 30. Rxe6 Qb6+ 31. Kh1 Qxb2 32. Qxc8+ Kh7
33. Re1 Nxe1 34. Qf5+ Kg8 35. Qe6+ Kh8 36. Qc8+ Kh7 37. Qf5+ Kg8 {
Game drawn by mutual agreement} 1/2-1/2

[Event "ICS rated standard match"]
[Site "204.178.125.65"]
[Date "2000.10.10"]
[Round "?"]
[White "Hossa"]
[Black "BrazilianMaster"]
[Result "0-1"]
[WhiteElo "2474"]
[BlackElo "2584"]
[PlyCount "118"]
[EventDate "2000.??.??"]

1. e4 c5 2. Nc3 Nc6 3. d3 g6 4. g3 Bg7 5. Bg2 e6 6. Nf3 d5 7. exd5 exd5 8. O-O
Nge7 9. Bf4 Bg4 10. Re1 Qd7 11. Qd2 O-O 12. Bh6 Bxh6 13. Qxh6 Bxf3 14. Bxf3 Nd4
15. Bd1 Rae8 16. Rf1 Nef5 17. Qd2 Re6 18. g4 Nh4 19. f4 h6 20. Qf2 g5 21. fxg5
hxg5 22. b4 b6 23. bxc5 bxc5 24. Kh1 f5 25. gxf5 Rxf5 26. Qg1 Rxf1 27. Qxf1 Qe7
28. Nxd5 Qb7 29. c4 Qb2 30. Bg4 Nhf3 31. Bxf3 Nxf3 32. Qxf3 Qxa1+ 33. Kg2 Qxa2+
34. Kg3 Qa1 35. Qf2 Qd1 36. Qf3 Qg1+ 37. Qg2 Qxg2+ 38. Kxg2 Kf7 39. Kf3 a5 40.
Nc3 Re5 41. Na4 Ke6 42. Kg4 Kd7 43. Nc3 Re3 44. Kxg5 Rxd3 45. Na4 Kc6 46. h4
Ra3 47. Nb2 a4 48. Kh6 Ra1 49. Nd3 a3 50. Ne5+ Kd6 51. Nf7+ Ke7 52. Ne5 a2 53.
Ng6+ Kf6 54. Nf4 Rg1 55. Nd5+ Kf7 56. Kh5 a1=Q 57. Nf6 Qe5+ 58. Kh6 Qxf6+ 59.
Kh7 Qxh4# {Hossa checkmated} 0-1

[Event "ICS rated blitz match"]
[Site "204.178.125.65"]
[Date "2000.10.10"]
[Round "?"]
[White "QueenMaxima"]
[Black "Hossa"]
[Result "0-1"]
[WhiteElo "2489"]
[BlackElo "2604"]
[PlyCount "150"]
[EventDate "2000.??.??"]

1. e3 e5 2. Nc3 Nf6 3. Nf3 e4 4. Nd4 c5 5. Nb3 d5 6. Bb5+ Nc6 7. d3 exd3 8.
cxd3 a6 9. Bxc6+ bxc6 10. Na4 Nd7 11. Bd2 Qh4 12. d4 cxd4 13. exd4 Qe4+ 14. Qe2
Qxe2+ 15. Kxe2 Bd6 16. Rhc1 O-O 17. Rxc6 Bb8 18. Nac5 Nf6 19. Kf1 Ra7 20. Rc1
Nd7 21. Ne6 fxe6 22. Rxc8 Rxc8 23. Rxc8+ Kf7 24. Ba5 e5 25. Nc5 Bd6 26. Nxd7
Rxd7 27. Rc6 exd4 28. Rxa6 d3 29. Bc3 d4 30. Bd2 Ke7 31. Ra4 Rb7 32. b3 Be5 33.
f4 Bf6 34. g4 h6 35. Rc4 Ke6 36. Bb4 Kd5 37. f5 Ke4 38. h3 Kf3 39. Ke1 Kg3 40.
Bc5 Rd7 41. g5 hxg5 42. Kd2 Kxh3 43. Kxd3 g4 44. a4 g3 45. b4 g2 46. Rc1 Bg5
47. Re1 Be3 48. Ke4 g1=Q 49. Rxg1 Bxg1 50. Kd3 Kg4 51. b5 Kxf5 52. b6 Ke6 53.
a5 Kd5 54. a6 Kc6 55. a7 Rd8 56. Be7 Rc8 57. Bd6 Kxb6 58. Bb8 Kb7 59. Be5 g5
60. Bf6 g4 61. a8=B+ Rxa8 62. Be5 Ra3+ 63. Kc2 g3 64. Kb2 d3 65. Bxg3 Bd4+ 66.
Kxa3 d2 67. Kb3 d1=Q+ 68. Kc4 Qg4 69. Kd3 Qxg3+ 70. Kxd4 Qf3 71. Ke5 Kc6 72.
Ke6 Qf4 73. Ke7 Qf5 74. Ke8 Kd6 75. Kd8 Qf8# {QueenMaxima checkmated} 0-1

[Event "ICS Rated blitz match"]
[Site "204.178.125.65"]
[Date "2000.10.10"]
[Round "?"]
[White "Hossa"]
[Black "QueenMaxima"]
[Result "1/2-1/2"]
[WhiteElo "2615"]
[BlackElo "2478"]
[PlyCount "257"]
[EventDate "2000.??.??"]

1. d4 e6 2. c4 Nf6 3. Nc3 Bb4 4. e3 O-O 5. Bd3 d5 6. a3 Bxc3+ 7. bxc3 dxc4 8.
Bxc4 c5 9. Nf3 Qc7 10. Qd3 Bd7 11. Bb2 Bc6 12. Rd1 cxd4 13. cxd4 Rc8 14. Rc1
Be4 15. Qd2 Nc6 16. a4 Qa5 17. Qxa5 Nxa5 18. Be2 Rxc1+ 19. Bxc1 Rc8 20. O-O Rc2
21. Nd2 Ra2 22. Bd1 Bc2 23. Bxc2 Rxc2 24. h3 Ra2 25. Kh2 h6 26. f4 g6 27. e4
Rxa4 28. f5 gxf5 29. exf5 Kg7 30. Bb2 Nd5 31. fxe6 fxe6 32. Kg3 Ra2 33. Rb1 Kf7
34. Nf3 Kf6 35. Ne5 Kg7 36. Ba1 a6 37. Nd7 b6 38. Ne5 Rc2 39. Rf1 Nb3 40. Rb1
Nd2 41. Rb2 Ne4+ 42. Kh2 Rc1 43. Re2 Nd6 44. Bb2 Rf1 45. g4 Nf4 46. Rc2 Nd5 47.
Re2 Nb5 48. Nc4 Kf6 49. Ne5 Ke7 50. Kg2 Rd1 51. Rf2 Nb4 52. d5 Nxd5 53. h4 Ke8
54. g5 hxg5 55. hxg5 Nd4 56. g6 Nf5 57. Ba3 Nf6 58. g7 Rd5 59. Bb2 Ne3+ 60. Kh3
Nf5 61. Kg2 Ng8 62. Kh3 Rd1 63. Kh2 Nf6 64. Rg2 Nh6 65. Bc3 Rd5 66. Rg6 Nhg8
67. Nc4 Rh5+ 68. Kg2 Nd5 69. Rxe6+ Kf7 70. Re5 Ngf6 71. Rxh5 Nxh5 72. Bd4 Nxg7
73. Nxb6 Ne6 74. Bf2 Nf6 75. Nc4 Ne4 76. Bb6 N6g5 77. Be3 Ke6 78. Nd2 Kd5 79.
Nxe4 Nxe4 80. Bb6 Nd2 81. Bf2 Nc4 82. Be1 Ke4 83. Bc3 Ne5 84. Bd2 Nd3 85. Bc3
Nf4+ 86. Kh2 Nd5 87. Bd2 Ne3 88. Be1 Kd4 89. Bb4 Nd5 90. Bd2 Nf6 91. Be1 Ng4+
92. Kh3 Ne5 93. Bd2 Nd3 94. Ba5 Ke4 95. Bc3 Ne5 96. Bd2 Nf3 97. Ba5 Nd4 98. Bb4
Nc2 99. Bc3 Ne3 100. Bd2 Kd3 101. Be1 Kd4 102. Bd2 Ke4 103. Be1 Nd5 104. Bd2
Kd3 105. Ba5 Nf4+ 106. Kg4 Ke4 107. Bb4 Nd3 108. Bc3 Nc5 109. Bd2 Nd7 110. Be1
Ne5+ 111. Kh3 Kd5 112. Bd2 Kd4 113. Be1 Nc4 114. Kg2 Kd5 115. Kg3 Ke4 116. Bc3
Ne5 117. Bd2 Nd3 118. Bc3 Nc5 119. Bd2 Ne6 120. Be1 Nd4 121. Bb4 Nc6 122. Bc3
Ne7 123. Bd2 Nf5+ 124. Kh3 Nd6 125. Be1 Nc4 126. Bc3 Kd3 127. Bb4 Kd4 128. Be1
a5 129. Bxa5 {Game drawn because neither player has mating material} 1/2-1/2

[Event "ICS rated blitz match"]
[Site "204.178.125.65"]
[Date "2000.10.10"]
[Round "?"]
[White "QueenMaxima"]
[Black "Hossa"]
[Result "1-0"]
[WhiteElo "2484"]
[BlackElo "2609"]
[PlyCount "53"]
[EventDate "2000.??.??"]

1. d4 d5 2. c4 e6 3. cxd5 exd5 4. Nc3 Nf6 5. Bd2 Bf5 6. Qb3 b6 7. g3 c6 8. Bh3
Bxh3 9. Nxh3 Qd7 10. Ng5 Be7 11. O-O-O O-O 12. h4 Rc8 13. Bf4 c5 14. dxc5 Bxc5
15. Nxd5 Nxd5 16. Rxd5 Bxf2+ 17. Kd1 Qe7 18. Rf1 Bc5 19. Be5 Rf8 20. Qd3 f5 21.
Rxf5 Re8 22. Rf8+ Kxf8 23. Qf5+ Qf6 24. Bxf6 g6 25. Be7+ Kg7 26. Qf7+ Kh8 27.
Bf6# {Hossa checkmated} 1-0

[Event "ICS Rated standard match"]
[Site "204.178.125.65"]
[Date "2000.10.10"]
[Round "?"]
[White "QueenMaxima"]
[Black "Hossa"]
[Result "1/2-1/2"]
[WhiteElo "2227"]
[BlackElo "2463"]
[PlyCount "34"]
[EventDate "2000.??.??"]

1. d4 e6 2. c3 c5 3. Nf3 Nf6 4. Bf4 cxd4 5. cxd4 Bb4+ 6. Nbd2 Nc6 7. e3 Nh5 8.
Bg5 Nf6 9. a3 Be7 10. Bd3 d6 11. O-O O-O 12. Rc1 Bd7 13. Qb3 Na5 14. Qd1 Nc6
15. Qb3 Na5 16. Qd1 Nc6 17. Qb3 Na5 {Game drawn by repetition} 1/2-1/2

[Event "ICS rated blitz match"]
[Site "204.178.125.65"]
[Date "2000.10.10"]
[Round "?"]
[White "QueenMaxima"]
[Black "Hossa"]
[Result "0-1"]
[WhiteElo "2506"]
[BlackElo "2587"]
[PlyCount "72"]
[EventDate "2000.??.??"]

1. d4 Nf6 2. Bf4 d5 3. Nf3 e6 4. e3 c5 5. Nbd2 c4 6. Be2 Be7 7. O-O Nh5 8. Bxb8
Rxb8 9. b3 c3 10. Nb1 Qa5 11. Qe1 Bb4 12. a3 Bd7 13. Ne5 Nf6 14. Nd3 Bd6 15.
Nxc3 Qc7 16. Nb2 Rc8 17. Nb5 Bxb5 18. Bxb5+ Kf8 19. c4 Bxh2+ 20. Kh1 Bd6 21. c5
Be7 22. f3 Nh5 23. f4 Nf6 24. Rf3 Ne4 25. Rh3 Bf6 26. g4 Bxd4 27. exd4 Qxf4 28.
Qh4 Nf2+ 29. Kg2 Nxh3 30. Kxh3 Qxd4 31. Rb1 Qxc5 32. a4 h5 33. gxh5 Qe3+ 34.
Kh2 Rc2+ 35. Kh1 Qf3+ 36. Kg1 Qg2# {QueenMaxima checkmated} 0-1

[Event "ICS rated blitz match"]
[Site "204.178.125.65"]
[Date "2000.10.10"]
[Round "?"]
[White "Hossa"]
[Black "QueenMaxima"]
[Result "1/2-1/2"]
[WhiteElo "2599"]
[BlackElo "2494"]
[PlyCount "125"]
[EventDate "2000.??.??"]

1. d4 e6 2. c4 Nf6 3. Nc3 Bb4 4. e3 O-O 5. Bd3 d5 6. a3 Bxc3+ 7. bxc3 dxc4 8.
Bxc4 c5 9. Nf3 Qc7 10. Qd3 Bd7 11. Bb2 Bc6 12. Rd1 cxd4 13. cxd4 Rc8 14. Rc1
Be4 15. Qd2 Nc6 16. a4 Qa5 17. Qxa5 Nxa5 18. Be2 Rxc1+ 19. Bxc1 Rc8 20. O-O Rc2
21. Nd2 Ra2 22. Bd1 Bc2 23. Bxc2 Rxc2 24. h3 Ra2 25. Kh2 h6 26. f4 g6 27. e4
Rxa4 28. f5 gxf5 29. exf5 Kg7 30. Bb2 Nd5 31. fxe6 fxe6 32. Kg3 Ra2 33. Rb1 b6
34. Kf3 a6 35. h4 Kf6 36. g4 Nc6 37. g5+ hxg5 38. Ne4+ Kf5 39. Rg1 Kg6 40.
Rxg5+ Kf7 41. Rg2 Ncb4 42. Nd6+ Ke7 43. Nc4 Nd3 44. Rd2 Nxb2 45. Rxb2 Rxb2 46.
Nxb2 b5 47. Nd3 a5 48. h5 Nf6 49. h6 Kd6 50. Kf4 Nh7 51. Ke3 a4 52. Kd2 Ng5 53.
Kc3 a3 54. Kb3 Kd5 55. Nf4+ Kd6 56. Kxa3 e5 57. Nh3 Nh7 58. Kb4 exd4 59. Kxb5
Ke5 60. Nf2 Kf6 61. Kc6 Kg5 62. Kc5 Kxh6 63. Kxd4 {
Game drawn because neither player has mating material} 1/2-1/2

[Event "ICS rated blitz match"]
[Site "204.178.125.65"]
[Date "2000.10.10"]
[Round "?"]
[White "QueenMaxima"]
[Black "Hossa"]
[Result "1-0"]
[WhiteElo "2499"]
[BlackElo "2594"]
[PlyCount "157"]
[EventDate "2000.??.??"]

1. e3 d5 2. c4 c6 3. Nf3 Nf6 4. Nc3 dxc4 5. Bxc4 b5 6. Bb3 e6 7. O-O Ba6 8. d4
b4 9. Ne2 Nbd7 10. Bd2 Ne4 11. Ba4 Rc8 12. Rc1 Nxd2 13. Nxd2 c5 14. Nf3 f6 15.
Nf4 Bxf1 16. Nxe6 Qa5 17. Bxd7+ Kxd7 18. Nxc5+ Bxc5 19. dxc5+ Ke8 20. Kxf1 Rxc5
21. Ra1 Rd5 22. Nd4 Kf7 23. a3 bxa3 24. Rxa3 Qc7 25. Qb3 Kg6 26. Qxd5 Qc1+ 27.
Ke2 Qxb2+ 28. Nc2 Qxc2+ 29. Kf3 Qc7 30. Ra5 h6 31. Qd3+ Kf7 32. Qb3+ Kg6 33.
Qb1+ Kf7 34. Qa2+ Kg6 35. Rxa7 Qc6+ 36. Kg3 Rf8 37. f3 Qc1 38. Kf4 h5 39. Rd7
Kh6 40. Qa7 Rg8 41. Qd4 Re8 42. h3 Qh1 43. Kg3 Qe1+ 44. Kh2 Qxe3 45. Qxe3+ Rxe3
46. Kg3 g5 47. Kf2 Rc3 48. Ke2 Rc2+ 49. Rd2 Rxd2+ 50. Kxd2 Kg6 51. g4 f5 52.
Kd3 h4 53. Kd4 Kf6 54. Kd5 f4 55. Kd6 Kf7 56. Ke5 Kg6 57. Ke6 Kg7 58. Kf5 Kf7
59. Kxg5 Kg7 60. Kxh4 Kh6 61. g5+ Kh7 62. Kh5 Kg7 63. g6 Kf6 64. Kh6 Ke5 65. g7
Kd4 66. g8=Q Ke3 67. Qg4 Kd4 68. Kg5 Kd5 69. Qxf4 Kc5 70. Kf5 Kd5 71. Qb4 Kc6
72. Ke5 Kc7 73. Qd6+ Kb7 74. f4 Ka7 75. f5 Kb7 76. f6 Ka8 77. f7 Ka7 78. f8=Q
Kb7 79. Qfb8# {Hossa checkmated} 1-0

[Event "ICS rated blitz match"]
[Site "204.178.125.65"]
[Date "2000.10.10"]
[Round "?"]
[White "Hossa"]
[Black "manta"]
[Result "1-0"]
[WhiteElo "2574"]
[BlackElo "1976"]
[PlyCount "39"]
[EventDate "2000.??.??"]

1. e4 c5 2. Nf3 Nc6 3. d4 cxd4 4. Nxd4 e5 5. Nb5 d6 6. N1c3 a6 7. Na3 b5 8. Nd5
Nge7 9. c4 Nd4 10. cxb5 Nxd5 11. exd5 Be7 12. Bc4 Bg5 13. bxa6 O-O 14. f4 Bh4+
15. g3 Bf6 16. fxe5 dxe5 17. O-O Bxa6 18. Be3 Bxc4 19. Nxc4 Qxd5 20. Nb6 {
manta resigns} 1-0

[Event "ICS rated standard match"]
[Site "204.178.125.65"]
[Date "2000.10.10"]
[Round "?"]
[White "Hossa"]
[Black "Varguz"]
[Result "1-0"]
[WhiteElo "2454"]
[BlackElo "2584"]
[PlyCount "97"]
[EventDate "2000.??.??"]

1. e4 d6 2. d4 Nf6 3. Nc3 g6 4. Bg5 Bg7 5. Nf3 c6 6. Bd3 Bg4 7. Be3 e5 8. dxe5
dxe5 9. h3 Bxf3 10. Qxf3 Nbd7 11. O-O-O O-O 12. g4 Qe7 13. h4 h5 14. gxh5 Nxh5
15. Bg5 Bf6 16. Qg4 Bxg5+ 17. hxg5 Nc5 18. Be2 Rad8 19. Qh4 Ne6 20. Rdg1 Nef4
21. Bf3 Qe6 22. Kb1 Rd2 23. Rd1 Rfd8 24. Rxd2 Rxd2 25. Kc1 Rd4 26. Bg4 Qd6 27.
Be2 b5 28. Bf3 Qb4 29. Kb1 Rd2 30. Nd1 Qa4 31. Ne3 Nd3 32. cxd3 Qd4 33. Nc2
Qxd3 34. Rc1 Qxf3 35. Qh1 Qxf2 36. Qh3 Nf4 37. Qc8+ Kg7 38. a4 Qg2 39. Qxc6
bxa4 40. Qf6+ Kg8 41. Nb4 Qxe4+ 42. Ka1 Qf5 43. Nc6 Qxf6 44. gxf6 e4 45. Rc4
Rd6 46. Rxe4 Rxf6 47. Nxa7 Nd3 48. Rxa4 Rf1+ 49. Ka2 {Varguz resigns} 1-0

[Event "ICS rated standard match"]
[Site "204.178.125.65"]
[Date "2000.10.10"]
[Round "?"]
[White "alkhateeb"]
[Black "Hossa"]
[Result "1/2-1/2"]
[WhiteElo "2299"]
[BlackElo "2476"]
[PlyCount "150"]
[EventDate "2000.??.??"]

1. d4 Nf6 2. Nf3 c5 3. c4 cxd4 4. Nxd4 e5 5. Nb5 d6 6. Bg5 Nc6 7. N1c3 a6 8.
Bxf6 gxf6 9. Na3 Bg7 10. e4 f5 11. Bd3 fxe4 12. Bxe4 Nd4 13. Qh5 h6 14. h4 Rb8
15. O-O-O b5 16. cxb5 axb5 17. Nd5 Be6 18. Kb1 Qd7 19. f3 Ne2 20. Rh3 Bxh3 21.
gxh3 b4 22. Nc4 Kf8 23. Qg4 Qa4 24. Bc2 Qc6 25. Nde3 Nd4 26. Rg1 Bf6 27. Be4
Qa6 28. Nd5 Ra8 29. a3 h5 30. Qg2 Qxc4 31. Nxf6 Ke7 32. Qg5 Ke6 33. Bd5+ Qxd5
34. Nxd5 Kxd5 35. Qe7 Rhf8 36. Qb7+ Ke6 37. Qxb4 Rfb8 38. Qc4+ d5 39. Qc7 Rc8
40. Qb7 Rh8 41. Rg7 Raf8 42. a4 Rhg8 43. Rxg8 Rxg8 44. a5 Rg1+ 45. Ka2 Nxf3 46.
a6 Rg8 47. a7 Nd4 48. a8=Q Rxa8+ 49. Qxa8 f5 50. Qa6+ Ke7 51. Qh6 f4 52. Qxh5
Nc6 53. Qf5 d4 54. h5 d3 55. Kb1 d2 56. Qd3 Nd4 57. Qxd2 Nf5 58. Qd3 Nd6 59. b4
Nf7 60. b5 Nd6 61. b6 e4 62. Qd5 f3 63. b7 f2 64. Qxd6+ Kxd6 65. b8=Q+ Kc6 66.
Qf8 e3 67. Qf3+ Kd6 68. Qe2 f1=Q+ 69. Qxf1 Ke7 70. Qe2 Kf6 71. Qxe3 Kf5 72. Qg3
Ke4 73. h6 Kd4 74. h7 Kd5 75. h8=Q Kc5 {
alkhateeb ran out of time and Hossa has no material to mate} 1/2-1/2

[Event "ICS rated blitz match"]
[Site "204.178.125.65"]
[Date "2000.10.10"]
[Round "?"]
[White "Hossa"]
[Black "bibo"]
[Result "1-0"]
[WhiteElo "2575"]
[BlackElo "2095"]
[PlyCount "31"]
[EventDate "2000.??.??"]

1. e4 c5 2. Nf3 d6 3. d4 Nf6 4. Nc3 cxd4 5. Nxd4 a6 6. Bg5 e6 7. f4 Nc6 8. Nxc6
bxc6 9. e5 h6 10. Bh4 g5 11. fxg5 Nd5 12. Ne4 Qb6 13. c3 hxg5 14. Bxg5 dxe5 15.
Qxd5 Be7 16. Nd6+ {bibo resigns} 1-0

[Event "ICS rated standard match"]
[Site "204.178.125.65"]
[Date "2000.10.10"]
[Round "?"]
[White "BrazilianMaster"]
[Black "Hossa"]
[Result "0-1"]
[WhiteElo "2601"]
[BlackElo "2468"]
[PlyCount "74"]
[EventDate "2000.??.??"]

1. e4 c5 2. Nf3 Nc6 3. Bb5 Qb6 4. Nc3 e6 5. O-O Nge7 6. Re1 Ng6 7. a4 Be7 8. d3
O-O 9. Be3 a6 10. Bxc6 bxc6 11. b3 Bf6 12. d4 d6 13. a5 Qc7 14. e5 dxe5 15.
dxe5 Nxe5 16. Bxc5 Rd8 17. Qe2 Nd7 18. Bd4 Bxd4 19. Nxd4 Bb7 20. Nf3 c5 21. Nd2
Nf6 22. Nc4 Qf4 23. h3 Qg5 24. f3 Bc6 25. Qf2 Nd7 26. Rad1 Qf6 27. Rd3 Qf4 28.
Red1 Qc7 29. Qd2 Ra7 30. Nb6 Rb7 31. Nca4 c4 32. bxc4 Qe5 33. Rd6 Bxa4 34. Nxa4
Kf8 35. Nb6 Qc5+ 36. Kh1 Nxb6 37. Rd7 Rbxd7 {BrazilianMaster resigns} 0-1

[Event "ICS rated standard match"]
[Site "204.178.125.65"]
[Date "2000.10.10"]
[Round "?"]
[White "Hossa"]
[Black "BrazilianMaster"]
[Result "0-1"]
[WhiteElo "2490"]
[BlackElo "2579"]
[PlyCount "80"]
[EventDate "2000.??.??"]

1. d4 Nf6 2. c4 g6 3. Nc3 Bg7 4. e4 d6 5. Nf3 O-O 6. Be2 e5 7. d5 a5 8. Be3 Ng4
9. Bg5 f6 10. Bd2 f5 11. Ng5 Nf6 12. exf5 Bxf5 13. g4 Bd7 14. Ne6 Bxe6 15. dxe6
Qe7 16. g5 Nh5 17. Bxh5 gxh5 18. Qb3 Na6 19. Qxb7 Nc5 20. Nd5 Qxe6 21. Qxc7 Qg4
22. Be3 Qxc4 23. Qxd6 Nd3+ 24. Kd2 Nxf2 25. b3 Qd3+ 26. Ke1 Kh8 27. Bxf2 Qe4+
28. Ne3 Qxh1+ 29. Nf1 e4 30. Rc1 e3 31. Qc6 exf2+ 32. Ke2 Rae8+ 33. Kd2 Re1 34.
Qxh1 Rd8+ 35. Qd5 Rxd5+ 36. Kc2 Re2+ 37. Nd2 Rdxd2+ 38. Kb1 Rb2+ 39. Ka1 Rxb3+
40. Rc3 f1=Q# {Hossa checkmated} 0-1

[Event "ICS rated standard match"]
[Site "204.178.125.65"]
[Date "2000.10.10"]
[Round "?"]
[White "BrazilianMaster"]
[Black "Hossa"]
[Result "1-0"]
[WhiteElo "2591"]
[BlackElo "2478"]
[PlyCount "115"]
[EventDate "2000.??.??"]

1. e4 c5 2. Nf3 e6 3. d4 cxd4 4. Nxd4 Nc6 5. Nc3 Qc7 6. Be3 a6 7. Be2 Nf6 8.
O-O Bb4 9. Na4 Bd6 10. g3 Nxe4 11. Bf3 Nf6 12. Nb3 O-O 13. Bg2 Be7 14. Bb6 Qe5
15. c4 d5 16. Re1 Qf5 17. Nd4 Nxd4 18. Bxd4 dxc4 19. Nb6 Rb8 20. Qe2 Bd6 21.
Nxc4 Bb4 22. Red1 Nd7 23. Rac1 Qg5 24. Ba7 Ra8 25. Be3 Qf5 26. a3 Be7 27. Rc2
a5 28. Rcd2 Qb5 29. Be4 Nc5 30. Bc2 Ra6 31. b3 a4 32. bxa4 Nxa4 33. Rb1 Qc6 34.
Ne5 Qc7 35. Bd4 Rd8 36. Bxh7+ Kf8 37. Qh5 Bf6 38. Rc2 Bxe5 39. Bxe5 Qa5 40. Be4
Nb6 41. Rc7 Nd7 42. Bd6+ Rxd6 43. Qxa5 Nf6 44. Qa8 Ra6 45. Qb8 Nd7 46. Rxd7
Rxd7 47. Qxc8+ Ke7 48. Qc5+ Rad6 49. Rb6 Rd8 50. Rxb7+ Ke8 51. Qg5 Rd1+ 52. Kg2
R1d7 53. Bc6 Kf8 54. Bxd7 f6 55. Qc5+ Kf7 56. Bxe6+ Kg6 57. Bf7+ Kh6 58. Qh5# {
Hossa checkmated} 1-0

[Event "ICS rated blitz match"]
[Site "204.178.125.65"]
[Date "2000.10.10"]
[Round "?"]
[White "Hossa"]
[Black "Sweers"]
[Result "1-0"]
[WhiteElo "2578"]
[BlackElo "1908"]
[PlyCount "69"]
[EventDate "2000.??.??"]

1. e4 c5 2. Nf3 Nc6 3. Bb5 g6 4. O-O Bg7 5. Bxc6 dxc6 6. d3 Bg4 7. h3 Bxf3 8.
Qxf3 e5 9. Nc3 Ne7 10. Be3 b6 11. h4 h5 12. a4 O-O 13. a5 Qd7 14. a6 Kh7 15.
Rfe1 f5 16. Bg5 Rf7 17. Bxe7 Qxe7 18. exf5 Rxf5 19. Qxc6 Raf8 20. Ne4 Qxh4 21.
Re2 R5f7 22. Rae1 Bh6 23. Qe6 Bg7 24. g3 Qd8 25. b3 Re7 26. Qc4 Ref7 27. b4
cxb4 28. Qxb4 Rc7 29. Qb3 Qc8 30. Ng5+ Kh8 31. Ne6 Rc3 32. Qd5 Re8 33. Rxe5
Rxe6 34. Rxe6 Rxc2 35. Re8+ {Sweers resigns} 1-0

[Event "ICS rated blitz match"]
[Site "204.178.125.65"]
[Date "2000.10.10"]
[Round "?"]
[White "Bongo"]
[Black "Hossa"]
[Result "0-1"]
[WhiteElo "2240"]
[BlackElo "2564"]
[PlyCount "61"]
[EventDate "2000.??.??"]

1. e4 e5 2. Nf3 Nc6 3. Bb5 a6 4. Ba4 Nf6 5. O-O Be7 6. Re1 b5 7. Bb3 d6 8. c3
O-O 9. h3 Bb7 10. d4 Re8 11. Ng5 Rf8 12. Nf3 Re8 13. Ng5 Rf8 14. Nf3 a5 15.
Nbd2 a4 16. Bc2 exd4 17. Nxd4 Nxd4 18. cxd4 Re8 19. Nf1 d5 20. e5 Bb4 21. Bd2
Bxd2 22. Nxd2 Nd7 23. Qh5 Nf8 24. Nf3 Qe7 25. Bd3 b4 26. Rac1 Ba6 27. Bb1 Bc8
28. Rc5 a3 29. b3 Ra6 30. Rxd5 Rh6 31. Rc5 {Bongo resigns} 0-1

[Event "ICS rated blitz match"]
[Site "204.178.125.65"]
[Date "2000.10.10"]
[Round "?"]
[White "Hossa"]
[Black "Bongo"]
[Result "1-0"]
[WhiteElo "2568"]
[BlackElo "2236"]
[PlyCount "24"]
[EventDate "2000.??.??"]

1. e4 c5 2. Nf3 d6 3. d4 cxd4 4. Qxd4 Nf6 5. Bb5+ Bd7 6. Bxd7+ Qxd7 7. O-O Nc6
8. Qd3 g6 9. Nc3 Bg7 10. Rd1 O-O-O 11. Qc4 e6 12. Nb5 Ne8 {Bongo resigns} 1-0

[Event "ICS rated blitz match"]
[Site "204.178.125.65"]
[Date "2000.10.10"]
[Round "?"]
[White "did"]
[Black "Hossa"]
[Result "1-0"]
[WhiteElo "2591"]
[BlackElo "2572"]
[PlyCount "81"]
[EventDate "2000.??.??"]

1. e4 e5 2. Nf3 Nc6 3. Bb5 a6 4. Ba4 Nf6 5. O-O Be7 6. Re1 b5 7. Bb3 d6 8. c3
O-O 9. h3 Bb7 10. d4 Re8 11. Ng5 Rf8 12. Nf3 Re8 13. dxe5 Nxe5 14. Nxe5 dxe5
15. Qf3 Qd7 16. Rd1 Qc6 17. Nd2 Red8 18. a4 b4 19. Kh1 a5 20. Bc2 Ba6 21. Kg1
bxc3 22. bxc3 Bd3 23. Bxd3 Qxc3 24. Nc4 Qxa1 25. Ba3 Qxa3 26. Nxa3 Bxa3 27. g4
Rd4 28. g5 Nd7 29. Bc4 Rxd1+ 30. Qxd1 Bd6 31. Bxf7+ Kh8 32. Qh5 Nc5 33. Bg6 h6
34. gxh6 Rb8 35. hxg7+ Kxg7 36. Qh7+ Kf6 37. Qf7+ Kg5 38. h4+ Kxh4 39. Qf6+ Kg4
40. Qf5+ Kh4 41. Qh5# {Hossa checkmated} 1-0

[Event "ICS Rated standard match"]
[Site "204.178.125.65"]
[Date "2000.10.11"]
[Round "?"]
[White "Hossa"]
[Black "nitmo"]
[Result "1-0"]
[WhiteElo "2467"]
[BlackElo "1950"]
[PlyCount "37"]
[EventDate "2000.??.??"]

1. e4 e5 2. f4 d5 3. exd5 e4 4. d3 Nf6 5. dxe4 Nxe4 6. Nf3 Bc5 7. Qe2 Bf5 8.
Nc3 Nd7 9. Nxe4 O-O 10. Nxc5 Re8 11. Be3 Nxc5 12. O-O-O Qe7 13. Re1 Ne4 14. Ne5
f6 15. g4 Bc8 16. Qf3 fxe5 17. Qxe4 Bxg4 18. fxe5 g6 19. Qxg4 {nitmo resigns}
1-0